000 00325nam a22001337a 4500
003 SGT
082 _a617.645
_bC14S
100 _aSAUMYA
245 _aCLEFT LIP AND PLATE-AN INTERDISCIPLINARY APPROACH
260 _aDELHI NCR
_bSGT UNIVERSITY GURUGRAM
_c2014
300 _a1-83
650 _aPEDODONTICS
942 _2ddc
_cTH
999 _c18896
_d18896